Translation studies and ecology: (Record no. 1678689)

MARC details
000 -LEADER
fixed length control field 00834 a2200253 4500
005 - DATE AND TIME OF LATEST TRANSACTION
control field 20260416162741.0
008 - FIXED-LENGTH DATA ELEMENTS--GENERAL INFORMATION
fixed length control field 260416b |||||||| |||| 00| 0 eng d
020 ## - INTERNATIONAL STANDARD BOOK NUMBER
International Standard Book Number 978-1-032-29290-8
037 ## - SOURCE OF ACQUISITION
Terms of availability TB
040 ## - CATALOGING SOURCE
Original cataloging agency AL
Transcribing agency AL
041 ## - LANGUAGE CODE
Source of code eng
Language code of text/sound track or separate title eng
084 ## - COLON CLASSIFICATION NUMBER
Assigning agency AL
245 ## - TITLE STATEMENT
Title Translation studies and ecology:
Remainder of title mapping the possibilities of new emerging field
260 ## - PUBLICATION, DISTRIBUTION, ETC.
Place of publication, distribution, etc. New York, USA:
Name of publisher, distributor, etc. Routledge,
Date of publication, distribution, etc. 2024.
300 ## - PHYSICAL DESCRIPTION
Extent 206p.
365 ## - TRADE PRICE
Price amount 42.99
Currency code GBP
650 ## - SUBJECT ADDED ENTRY--TOPICAL TERM
Topical term or geographic name entry element Applied Linguistics
650 ## - SUBJECT ADDED ENTRY--TOPICAL TERM
Topical term or geographic name entry element Translation and Interpretation
9 (RLIN) 1234475
650 ## - SUBJECT ADDED ENTRY--TOPICAL TERM
Topical term or geographic name entry element Language and Languages
700 ## - ADDED ENTRY--PERSONAL NAME
Personal name Dasca, Maria
Relator term Editor,
9 (RLIN) 1234993
700 ## - ADDED ENTRY--PERSONAL NAME
Personal name Cerarols, Rosa
Relator term Editor,
9 (RLIN) 1234994
942 ## - ADDED ENTRY ELEMENTS (KOHA)
Koha item type Textbook
Source of classification or shelving scheme Colon Classification (CC)
Classification part P:795 R4
Holdings
Withdrawn status Lost status Source of classification or shelving scheme Damaged status Not for loan Home library Current library Date acquired Source of acquisition Cost, normal purchase price Inventory number Total Checkouts Full call number Barcode Date last seen Cost, replacement price Price effective from Koha item type
    Colon Classification (CC)     Central Library Central Library 2026-04-16 Elite Publishers Distributors 4258.76 15207 & 12/02/2026   P:795 R4 AL1805324 2026-02-12 5323.45 2026-02-12 Textbook
Copyright @ Delhi University Library System